Black And White Animals - Statistics

General Stats
  • This quiz has been taken 13 times
    7 since last reset
  • The average score is 9 of 12
Answer Stats
Picture Answer % Correct
Cow
100%
Panda
100%
Penguin
100%
Zebra
100%
Skunk
86%
Ferret
71%
Killer Whale
71%
Rabbit
71%
Puffin
57%
Snow Leopard
57%
Asian Black Bear
29%
Bengal Tiger
14%
No matching quizzes found
Score Distribution
Percent of People with Each Score
Percentile by Number Answered
Your Score History
You have not taken this quiz since the last reset